000 00365pab a2200157 454500
008 180718b2002 xxu||||| |||| 00| 0 eng d
100 _aDatar, M.K.
245 _aLiquidity risk in commercial Banks in India
260 _c2002
300 _ap.73-91.
362 _aMar
650 _aBanks - India
650 _aBanks
773 _aArtha Vijnana
909 _a59460
999 _c59460
_d59460